000 00292nam a2200109Ia 4500
008 171211s9999 xx 000 0 und d
245 _aApuntes de Aikido
245 _cJosé Santos Nalda
260 _c1981
650 _xMartial Arts
856 _uhttp://down.ebook777.com/064/9788420301266.pdf
999 _c348182
_d348182